000 00284nam a22001337a 4500
008 170731b xxu||||| |||| 00| 0 eng d
020 _a0471870897
041 _aeng
080 _a004
100 _a32
101 _aSHK
245 _aPROGRAMMING IN ADA
_cWIENER,R
942 _2udc
_cBK
999 _c22171
_d22171